000 00557nam a22001817a 4500
003 UA-OsUOA
001 12847
007 ta
008 20050531b un ||||| |||| 00| 0 ukr d
100 _aЗагуменна В.
942 _cSA
040 _aUA-OsUOA
_cUA-OsUOA
_dUA-OsUOA
245 _aПрофесіонал , науковець , громадськмй діяч : [ Привітання Валентині Степанівні Пашковій з нагоди її ювілею ]
300 _aС.37-38
955 _a0
773 0 _w0
650 7 _2UDC
999 _c299008
_d299008